Carta topologica dell'Europa continentale - Statistics

Statistiche generali
  • Questo quiz è stato fatto 98 volte
  • Il punteggio medio è 26 su 41
Risposte nella Mappa
Le risposte nella mappa del quiz sottostante sono codificate secondo una scala di colori dal rosso al verde in base alla % di persone che hanno risposto correttamente.
 
Statistiche sulle risposte
Risposta % Corretto
Italia
80%
Città del Vaticano
77%
Russia
76%
Francia
74%
Germania
74%
San Marino
74%
Ucraina
73%
Andorra
71%
Danimarca
71%
Liechtenstein
71%
Moldavia
71%
Romania
71%
Spagna
71%
Svizzera
71%
Austria
70%
Lussemburgo
70%
Belgio
68%
Bulgaria
67%
Grecia
67%
Paesi Bassi
67%
Portogallo
67%
Croazia
65%
Monaco
65%
Lettonia
64%
Estonia
62%
Polonia
62%
Slovacchia
62%
Lituania
61%
Cechia
59%
Slovenia
59%
Bielorussia
58%
Bosnia ed Erzegovina
58%
Macedonia del Nord
58%
Ungheria
58%
Serbia
56%
Albania
53%
Montenegro
48%
Svezia
48%
Kosovo
47%
Norvegia
47%
Finlandia
45%
Nessun quiz corrispondente trovato
Distribuzione punteggi
Percentuale di utenti per punteggio
Percentile per numero di risposta
I tuoi punteggi nel tempo
Non hai fatto questo quiz